| 000 | 01880nam1a2200301 i 4500 | ||
|---|---|---|---|
| 001 | RU\NLR\BIBL_A\012863618 | ||
| 005 | 20241103104806.0 | ||
| 035 | _a(NLR Aleph) 012863618 | ||
| 090 |
_a12467251 _c12467251 |
||
| 100 | _a20220810g20229999u y0rusy50 ca | ||
| 101 | 0 | _arus | |
| 102 | _aRU | ||
| 105 | _a j | ||
| 181 | 0 |
_ai3 _baxxe |
|
| 182 | 0 | _an | |
| 200 | 1 |
_aБотаника _eучебное пособие к практическим занятиям _eдля студентов фармацевтического факультета по специальности 33.05.01 "Фармация" (специалитет) _eв 2 частях _fА. В. Яницкая, И. В. Землянская _gФедеральное государственное бюджетное образовательное учреждение высшего образования "Волгоградский государственный медицинский университет" Министерства здравоохранения Российской Федерации, Кафедра фармакогнозии и ботаники |
|
| 203 |
_aТекст _bвизуальный _cнепосредственный |
||
| 210 |
_aВолгоград _cИзд-во ВолгГМУ _d2022 |
||
| 215 | _d29 | ||
| 300 | _aНа обороте тит. с. авт.: доценты А. В. Яницкая, И. В. Землянская | ||
| 606 |
_aБотаника _jУчебные издания для высших учебных заведений _91200436 _3RU\NLR\AUTH\66167725 |
||
| 686 | 1 | _aЕ5я731 | |
| 700 | 1 |
_aЯницкая _bА. Я. _gАлефтина Владимировна |
|
| 701 | 1 |
_aЗемлянская _bИ. В. _gИнна Владимировна |
|
| 852 |
_aNLR _j2022-8/2870 |
||
| 942 | _cBOOK | ||